Statistiche per Parole che iniziano con la "A"

Clicka qui per fare il quiz!

Statistiche generali

  • Questo quiz è stato fatto 189 volte
  • Il punteggio medio è 10 su 15

Statistiche sulle risposte

INDIZIORISPOSTA% Corretto
Auto con lo stemma con 4 cerchiAudi
98%
_______ piatto (180°)Angolo
97%
Pollice del piedeAlluce
96%
Usato per condire l'insalataAceto
92%
Dio AraboAllah
85%
Invade la fronte degli adolescentiAcne
82%
Le inventò da Vinci ispirandosi a un pipistrello (per i primi aerei e macchine volanti)Ali
76%
Scrissero la canzone Gimme! Gimme! Gimme!ABBA
73%
Ufficio nel quale sono registrati i tuoi dati personaliAnagrafe
73%
Pappagallo Giallo-BluAra
65%
Causa di difficoltà respiratorie e tosse bronchialeAsma
64%
Gambero di mare noto anche come "lupicante"Astice
34%
Aracnide di piccole dimensioni e causa di molte malattieAcaro
30%
Burrone, precipizioAbisso
14%
Senza volontà, o ha un atteggiamento pigroAbulico
12%

Distribuzione punteggi

Percentile per numero di risposta

Percentuale di utenti per punteggio

I tuoi punteggi nel tempo

Non hai fatto questo quiz